000 00427cam a22001097a 4500
008 180718b1972 xxu||||| |||| 00| 0 eng d
082 _aXA41x42 Un3
245 _aReport of working party on local authority/private enterprise partnership schemes
_cby Department of the Employment, United Kingdom
260 _aLondon
_bHer Majesty's Stationery Office
_c1972
300 _a66p.
700 _aUnited Kingdom.Department of the Employment
999 _c498875
_d498875